| 000 -LEADER |
| fixed length control field |
01009cam a2200253Ia 4500 |
| 020 ## - INTERNATIONAL STANDARD BOOK NUMBER |
| ISBN |
0028218728 (student ed.) |
| 020 ## - INTERNATIONAL STANDARD BOOK NUMBER |
| ISBN |
0028218736 (teacher's wraparound ed.) |
| 020 ## - INTERNATIONAL STANDARD BOOK NUMBER |
| ISBN |
0028218698 (Spanish ed.) |
| 020 ## - INTERNATIONAL STANDARD BOOK NUMBER |
| ISBN |
0028217640 (teaching transparencies) |
| 020 ## - INTERNATIONAL STANDARD BOOK NUMBER |
| ISBN |
0028217594 (section focus transparencies) |
| 020 ## - INTERNATIONAL STANDARD BOOK NUMBER |
| ISBN |
0028217683 (testmaker) |
| 020 ## - INTERNATIONAL STANDARD BOOK NUMBER |
| ISBN |
0028218744 (teacher's classroom resources) |
| 040 ## - CATALOGING SOURCE |
| Transcribing agency |
UUW |
| 082 ## - DEWEY DECIMAL CLASSIFICATION NUMBER |
| Classification number |
973 GLE 200 A099 Or. |
| 100 1# - MAIN ENTRY--AUTHOR NAME |
| Personal name |
Appleby, Joyce Oldham |
| 245 14 - TITLE STATEMENT |
| Title |
The American journey : |
| Remainder of title |
building a nation / |
| 260 ## - PUBLICATION, DISTRIBUTION, ETC. (IMPRINT) |
| Place of publication |
New York : |
| Name of publisher |
Glencoe/McGraw-Hill, |
| Year of publication |
c2000 |
| 300 ## - PHYSICAL DESCRIPTION |
| Number of Pages |
xvii, RA15, 721, A76 p. : |
| Other physical details |
ill. (some col.), col. maps ; |
| Dimensions |
29 cm. + |
| Accompanying material |
1 teacher's wraparound ed. + 1 Spanish ed. + 2 ring binders of transparencies + 1 boxed testmaker + 1 carton of teacher's classroom resources |
| 700 1# - ADDED ENTRY--PERSONAL NAME |
| Personal name |
Brinkley, Alan |
| 700 1# - ADDED ENTRY--PERSONAL NAME |
| Personal name |
McPherson, James M |
| 710 2# - ADDED ENTRY--CORPORATE NAME |
| Corporate name or jurisdiction name as entry element |
National Geographic Society (U.S.) |
| 710 2# - ADDED ENTRY--CORPORATE NAME |
| Corporate name or jurisdiction name as entry element |
Glencoe/McGraw-Hill |
| 942 ## - ADDED ENTRY ELEMENTS (KOHA) |
| Koha item type |
សៀវភៅភាសាអង់គ្លេស |
| 952 ## - LOCATION AND ITEM INFORMATION (KOHA) |
| Withdrawn status [LOCAL, KOHA] |
0 |